| 000 | 00459nam a2200169Ia 4500 | ||
|---|---|---|---|
| 008 | 230917s9999||||xx |||||||||||||| ||und|| | ||
| 020 | _cRS529 | ||
| 040 |
_e252310 _aMAIN |
||
| 041 | _aEnglish | ||
| 082 | _a005.1 J219S | ||
| 100 | _aJalote, Pankaj | ||
| 245 | 0 | _aSoftware engineering: A precise approach | |
| 260 |
_aNew Delhi _bWiley India _c2010 |
||
| 300 | _axi, 301 p. | ||
| 500 | _a3371 20/12/2018 APD19/1089548 19/01/2019 Main Budget | ||
| 942 | _cBK | ||
| 999 |
_c29514 _d29514 |
||